Ngeteh di kubur ayah

Bibliographic Details
Main Author: Hamka Kereta Mayat
Format: Book
Published: Petaling Jaya : Buku Pojok PLT , 2018
Subjects:

MARC

LEADER 00000cam a2200000 7i4500
001 0000236607
005 20200204073007.0
020 |a 9789672018148 
090 0 |a 808.882   |b HAM 
100 0 |a Hamka Kereta Mayat 
245 1 0 |a Ngeteh di kubur ayah   |c Hamka Kereta Mayat 
260 |a Petaling Jaya :   |b Buku Pojok PLT ,   |c 2018 
300 |a 184p. ;   |c 21cm. 
600 0 0 |a Hamka Kereta Mayat 
650 0 |a Anecdotes 
999 |a 00378744   |b BUKU   |c PINJAMAN   |e PERPUSTAKAAN KOMUNITI PETALING JAYA